000 00299nam a22001217a 4500
008 180201b xxu||||| |||| 00| 0 eng d
041 _aeng
080 _a32
100 _a19
101 _aHIS
245 _aPolitics and the professors: the great society in perspective
_cAaron,H.J
942 _2udc
_cBK
999 _c41514
_d41514